| 000 | 00691nam a22002417a 4500 | ||
|---|---|---|---|
| 003 | BCEG | ||
| 005 | 20260323112421.0 | ||
| 008 | 260323s2023 sp|||||| |||| 00| 0 spa d | ||
| 020 | _a9788416750597 | ||
| 040 |
_aBCEG _bspa _cBCEG |
||
| 082 | 0 | 4 |
_a791.4309 _bT266c |
| 100 | 1 |
_aTejerizo García, Carlos, _d1987-. |
|
| 245 | 1 | 0 |
_aCine y arqueología _b: la arqueología y la gran campaña. |
| 260 |
_aCórdoba, España : _bAlmuzara, _c2023. |
||
| 300 | _a332 p. | ||
| 490 | _aChaplin. Berenice. | ||
| 500 | _aIncluye filmografía. | ||
| 541 | _aCompra. | ||
| 650 | 1 | 4 |
_aCine _xHistoria y crítica. |
| 650 | 1 | 4 | _aArqueología. |
| 700 | 1 |
_aBarreiro Martínez, David, _eprol. |
|
| 942 | _cBK | ||
| 999 |
_c437123 _d437123 |
||